Phổ học: Chứng chỉ quang học
Enregistré dans:
| Auteur principal: | |
|---|---|
| Format: | Livre |
| Langue: | Undetermined |
| Publié: |
Sài Gòn
Trung tâm học liệu
1971
|
| Sujets: | |
| Tags: |
Ajouter un tag
Pas de tags, Soyez le premier à ajouter un tag!
|
| Thư viện lưu trữ: | Trung tâm Học liệu Trường Đại học Cần Thơ |
|---|
| LEADER | 00495nam a2200169Ia 4500 | ||
|---|---|---|---|
| 001 | CTU_2311 | ||
| 008 | 210402s9999 xx 000 0 und d | ||
| 082 | |a 535.84 | ||
| 082 | |b T500 | ||
| 100 | |a Nguyễn Chung Tú | ||
| 245 | 0 | |a Phổ học: Chứng chỉ quang học | |
| 245 | 0 | |c Nguyễn Chung Tú | |
| 260 | |a Sài Gòn | ||
| 260 | |b Trung tâm học liệu | ||
| 260 | |c 1971 | ||
| 650 | |a optics,spectrum analysis | ||
| 980 | |a Trung tâm Học liệu Trường Đại học Cần Thơ | ||